MDQL
is popping MORE tags! Check the
thread
!
Quizzes
Events
Quiz Creation
Community
Videos
Private Events
Remove Ads
Sign In
Join for FREE
Feedback
Dark Mode
Quiz Categories
Sports
Geography
Music
Movies
Television
Just For Fun
Miscellaneous
History
Literature
Language
Science
Gaming
Entertainment
Religion
Holiday
For Kids
Quiz Lab
Recent
Popular Today
Quiz Kudos Today
Editor Picks
Curator Picks
Quizzes by...
Day
Popularity
Type
Ratings
Length
Year
Community
Subscriptions
Recent Discussions
Orange Saloon
Badges
Playlists
Quests
Create
Leaderboards
Showdown
Live 5
Trivia Bingo
Activity
Puzzle Library
Sporcle Events
Private Events
Virtual Trivia
Globe League
Become a Host
Pub Owners
SporcleCon
Opinionation
Our Games
Videos
Blog
Mobile Apps
Partnerships
Remove Ads and Go Orange
Feedback
Geography
Country
Landmarks
City
State
Population
World
Capital
Continent
Flags
Europe
Africa
Asia
South America
North America
Oceania
Border
Canada
United Kingdom
Topography
United States
Geography
Country
Landmarks
City
State
Population
World
Capital
Continent
Flags
Europe
Africa
Asia
South America
North America
Oceania
Border
Canada
United Kingdom
Topography
United States
Random Quiz
Search Sporcle
×
Quiz Lab
Quiz Lab
Geography
City
Type in answers that appear in a list
Type in answers that appear in a list
Classic
Best Score? Go Orange.
50 Most Populated European Cities Stats
Can you name the 50 most populated European cities?*
By
mkagan6
9m
50 Questions
884 Plays
884 Plays
884 Plays
Comments
Comments
Give Quiz Kudos
Give Quiz Kudos
-
- Ratings
hide this ad
More Info
Replay
Link that replays current quiz
Next Quiz
Link to next quiz in quiz playlist
You Got
0%
They Got
Avg Score
66%
Avg Friend Score
Upgrade to see
Score Distribution
Jump to the score distribution portion of the page
Score
0/50
Timer
09:00
0
Plays Today
Country
City
% Correct
United Kingdom
London
99.9%
Russia
Moscow
99.4%
Germany
Berlin
99.1%
Spain
Madrid
99.1%
Italy
Rome
99.1%
France
Paris
98.9%
Ukraine
Kiev
97.7%
Spain
Barcelona
97.1%
Russia
Saint Petersburg
97%
Hungary
Budapest
96.2%
Poland
Warsaw
96%
Austria
Vienna
95.5%
Italy
Milan
94.7%
Germany
Munich
93.4%
Greece
Athens
92.3%
Romania
Bucharest
92.1%
Czech Republic
Prague
91.8%
Belarus
Minsk
89.7%
Germany
Hamburg
89.6%
Bulgaria
Sofia
87.9%
Serbia
Belgrade
87%
Italy
Naples
86.5%
United Kingdom
Birmingham
82.9%
Croatia
Zagreb
82.3%
Latvia
Riga
81%
Country
City
% Correct
France
Marseille
78.9%
Italy
Turin
77.3%
Germany
Cologne
70.2%
Ukraine
Odessa
60.8%
Greece
Thessaloniki
58.7%
Ukraine
Donetsk
55.1%
Ukraine
Kharkov
50.6%
Russia
Volgograd
45.4%
Russia
Kazan
44.5%
Ukraine
Lviv
44.2%
Poland
Lódz
43.3%
Russia
Nizhny Novgorod
41.1%
Russia
Samara
37.6%
Russia
Yekaterinburg
35.3%
Russia
Ufa
34.5%
Russia
Perm
32%
Russia
Novosibirsk
31.7%
Russia
Omsk
31.7%
Russia
Rostov-on-Don
31.4%
Russia
Chelyabinsk
25.1%
Russia
Saratov
20.9%
Russia
Voronezh
17.9%
Ukraine
Dnepropetrovsk
15.7%
Russia
Krasnoyarsk
12.5%
Ukraine
Zaporozhye
8.6%
Quiz Playlist
Details
Report
Send in Message
Add To Playlist
More Info:
*This quiz does not include cities in Turkey.
Classic:
Type in answers that appear in a list
Last Updated: Mar 15, 2017
Quiz Scoreboard
CHALLENGE
Sign Up to Join the Scoreboard
Show All
Scores
Hide
Comments
May contain spoilers
Recently Published
Find the 'City' Movie
by crazypaving
Movies
60s
5x2 Blitz: Bands
by SL_Kpop136
Music
30s
Colored Red Africa Blitz
by spor1
Geography
30s
More to Explore
Quiz From the Vault
Featured Blog Post
14 Easter Pick-up Lines to Find Eggs With
hide this ad
You Might Also Like...
Tags
City Quiz
Europe Quiz
Population Quiz
Europe Cities
Europe Metros
Highest Population
Largest Population
London
paris
Populous Capital
Populous City
Populous Metro
Today's Top Quizzes in Geography
Browse Geography
hide this ad
Today's Top Quizzes in City
Browse City
Top Contributed Quizzes in Geography
1
Countries of the World - No Outlines Minefield
2
Colored Red Europe Blitz I
3
Colored Red Africa Blitz II
4
Colored Red Europe Blitz II
5
Colored Red Africa Blitz III
6
Colored Red Europe Blitz III
7
African Flag Reveal XLVI
8
Colored Red States Blitz I
9
Colored Red States Blitz II
10
Colored Red States Blitz III
Explore More
Trending Topics
Crossword
Anime
Kpop
Harry Potter
Marvel
Disney
NBA
Soccer
WWE
Pokémon
The Office
Song
Country
NFL
Puzzle
hide this ad
More By:
mkagan6
Quiz
Plays
Rating
Category
Featured
Created
NFL Top 100 Offensive Players of 2013 (Fantasy Points)
1,654
3.10
Sports
Jan 10, 2014
50 Most Populated European Cities
884
2.94
Geography
May 17, 2016
THE Harry Potter Quiz
710
4.40
Literature
Mar 15, 2017
Top 100 NFL Players of 2015
577
5.00
Sports
Sep 1, 2015
2014 NFL Opening Day Wide Receivers
560
5.00
Sports
Sep 17, 2014
Go to Creator's Profile
Score Distribution
Quiz Creator Spotlight
mkagan6
Follow
Send a Message
Quizzes Created
-
Created Quiz Play Count
-
More By This Creator
Popular Quizzes Today
1
Colored Red Africa Blitz
2
Find the US States - No Outlines Minefield
3
Find the 'City' Movie
4
5x2 Blitz: Bands
5
The Countries of the World
6
Find the US States
7
US States
8
9x9 Crossword: Cartoon Network
More Geography Quizzes
Border Chain Minefield V
Published
Trending Quizzes
Colored Red Europe Blitz I
Colored Red Europe Blitz II
Colored Red Africa Blitz II
Colored Red Europe Blitz III
Colored Red Africa Blitz III
Recently Updated
Godzilla Movies
pecheneg
Grab Bag: 4-10 Letters
pecheneg
2024 March Madness Bracket
pecheneg
Famous TV Couples
Peacemaker
Champions League XIs: Real Madrid
pecheneg
Largest US Cities 1790-2010
pecheneg
Rides in Walt Disney World
pecheneg
Most Oscar Losses (Acting)
pecheneg
Beyoncé Albums
pecheneg
Leaping Animals
pecheneg
Trending Topics
Kpop
Disney
Anime
NBA
Marvel
Crossword
Harry Potter
NFL
Soccer
WWE
Puzzle
The Office
Song
Country
Pokémon
Your Account Isn't Verified!
In order to create a playlist on Sporcle, you need to verify the email address you used during registration. Go to your
Sporcle Settings
to finish the process.
Report this User
Report this user for behavior that violates our
Community Guidelines
.
Details:
Send Report
Go to the Sporcle.com Mobile Site →
Comments